000 00652nam a22002297a 4500
001 87697
003 UA-OsUOA
005 20211109224454.0
007 ta
008 20120921b un ||||| |||| 00| 0 ukr d
040 _aUA-OsUOA
_brus
_cUA-OsUOA
_dUA-OsUOA
041 _arus
080 _a94(470+571)
090 _a94(470+571)
_bЧ-49
100 _aЧерненко А. М.
245 _aРоссийская революционная эмиграция в Америке (конец ХІХ в. - 1917 г.)
260 _aК.
_bВыща школа
_c1989
300 _a202 с.
650 7 _a94 Історія
_2UDC
942 _cBK
_2udc
955 _a1
999 _c373930
_d373930